000 00692cam a2200205 a 4500
020 _a0534385419
050 0 0 _aQA39.3
_b.S74 2002
100 1 _aStewart, James,
_d1941-
245 1 0 _aPrecalculus :
_bmathematics for calculus /
_cJames Stewart, Lothar Redlin, Saleem Watson.
250 _a4th ed.
260 _aAustralia ;
_aPacific Grove, CA :
_bBrooks/Cole,
_cc2002.
300 _axxix, 959, 82 p. :
500 _aIncludes index.
650 0 _vTextbooks.
700 1 _aRedlin, L.
700 1 _aWatson, Saleem.
856 4 2 _uhttp://www.loc.gov/catdir/enhancements/fy1515/2001043621-b.html
856 4 1 _uhttp://www.loc.gov/catdir/enhancements/fy1515/2001043621-t.html
942 _2lcc
_cGEN
999 _c11695
_d11695